| 000 | 00488nam a2200193 a 4500 | ||
|---|---|---|---|
| 001 | 5006 | ||
| 003 | CO-ViMGA | ||
| 008 | 141112s2004 ck r 000 u spa d | ||
| 040 |
_aCO-ViMGA _bspa _cCO-ViMGA |
||
| 082 | 0 | 4 | _a201 K747 |
| 100 | 1 |
_aKrishnamurti, Jiddu _93211 |
|
| 245 | 1 | 0 | _aSobre Dios |
| 260 |
_aBarcelona : _bKairos, _c1994 |
||
| 300 | _a202 p | ||
| 490 | _aSabiduria perenne | ||
| 650 | 1 | 4 |
_aDIOS - FILOSOFIA _93212 |
| 650 | 1 | 4 |
_aRELIGION - FILOSOFIA _952120 |
| 942 |
_2ddc _cBK |
||
| 999 |
_c17008 _d17008 |
||